[Event "Barcelona op-A"]
[Site "Barcelona"]
[Date "1998.??.??"]
[Round "5"]
[White "Fernandez Pintado, Xavier"]
[Black "Prat Llables, Joan"]
[Result "1-0"]
[WhiteElo "2080"]
[BlackElo "2105"]
[PlyCount "89"]
[EventDate "1998.??.??"]
[EventType "swiss"]
[EventRounds "8"]
[EventCountry "ESP"]
[SourceTitle "EXT 2019"]
[Source "ChessBase"]
[SourceDate "2018.10.10"]
[SourceVersion "1"]
[SourceVersionDate "2018.10.10"]
[SourceQuality "1"]

1. d4 Nf6 2. Bg5 c5 3. e3 cxd4 4. Bxf6 gxf6 5. exd4 Qb6 6. b3 d6 7. Nf3 Bg7 8. Bd3 Nc6 9. c3 Bd7 10. Nbd2 0-0-0 11. Nc4 Qc7 12. Rc1 Bh6 13. Rc2 Kb8 14. b4 e6 15. a4 Ne7 16. Qa1 Nd5 17. b5 Rhg8 18. g3 f5 19. Qa3 Bf8 20. Qb3 e5 21. dxe5 Re8 22. a5 Qc5 23. 0-0 Nf4 24. Rd1 Nxd3 25. Rxd3 Bxb5 26. Rd4 dxe5 27. Ncxe5 Rxe5 28. Qxf7 Qe7 29. Nxe5 Qxf7 30. Nxf7 Bg7 31. Rb4 a6 32. c4 Bc6 33. Re2 Bc3 34. Rb3 Bxa5 35. Ne5 Be8 36. Ra2 Bc7 37. f4 Ka7 38. Rab2 b5 39. cxb5 Bb6+ 40. Kg2 Bxb5 41. Ra2 Kb7 42. Rd2 Rc8 43. Nf7 Bc6+ 44. Kh3 Rg8 45. Nd6+ 1-0

[Event "Barcelona op-A"]
[Site "Barcelona"]
[Date "1998.??.??"]
[Round "7"]
[White "Prat Llables, Joan"]
[Black "Leiro Giralt, Daniel"]
[Result "1/2-1/2"]
[WhiteElo "2105"]
[BlackElo "2280"]
[PlyCount "45"]
[EventDate "1998.??.??"]
[EventType "swiss"]
[EventRounds "8"]
[EventCountry "ESP"]
[SourceTitle "EXT 2019"]
[Source "ChessBase"]
[SourceDate "2018.10.10"]
[SourceVersion "1"]
[SourceVersionDate "2018.10.10"]
[SourceQuality "1"]

1. e4 e5 2. Nf3 Nf6 3. Nxe5 d6 4. Nf3 Nxe4 5. Qe2 Qe7 6. d3 Nf6 7. Bg5 Nbd7 8. Nc3 Qxe2+ 9. Bxe2 c6 10. 0-0-0 Be7 11. Rhe1 0-0 12. Bf1 Re8 13. Ne4 d5 14. Nxf6+ Nxf6 15. Bxf6 gxf6 16. d4 Bf5 17. Nh4 Bg6 18. Nxg6 fxg6 19. Re6 Kf7 20. Rde1 Bd6 21. Rxe8 Rxe8 22. Rxe8 Kxe8 23. h3 1/2-1/2